| 000 | 00767cam a22002411 4500 | ||
|---|---|---|---|
| 001 | sa 67006827 | ||
| 003 | DLC | ||
| 005 | 20260227112410.0 | ||
| 008 | 751113s1965 ii a b o000 0 eng | ||
| 010 | _asa 67006827 | ||
| 035 | _a(OCoLC)1833209 | ||
| 040 |
_aDLC _cFMU _dDLC |
||
| 042 | _apremarc | ||
| 050 | 0 | 0 |
_aNA6007.A5 _bR28 |
| 100 | 2 | _aRama Rao, M. | |
| 245 | 1 | 0 |
_aEarly Cālukyan temples of Andhra Desa, _cby M. Rama Rao. General editor: Mohd. Abdul Waheed Khan. |
| 260 |
_aHyderabad [India] _bGovt. of andhra Pradesh, _c1965. |
||
| 300 |
_aii, 44 p. _billus. _c29 cm. |
||
| 490 | 0 |
_aAndhra Pradesh Government archaeological series ; _vno. 20 |
|
| 504 | _aBibliographical footnotes. | ||
| 650 | 0 |
_aTemples _zIndia _zAndhra Pradesh. |
|
| 650 | 0 | _aChalukyas. | |
| 999 |
_c76185 _d76185 |
||